Team building : an exercise in leadership

Bibliographic Details
Main Author: MADDUX, Robert B
Format: Book
Published: California : Crisp Publication , 1992
Edition:Revised edition
Subjects:

MARC

LEADER 00000cam a2200000 7i4500
001 0000001287
002 000001419
005 20000330.0
020 |a 156052118X 
090 0 0 |a 658.4092   |b MAD 
100 1 |a MADDUX, Robert B 
245 1 0 |a Team building :   |b an exercise in leadership   |c Robert B. Maddux 
250 |a Revised edition 
260 |a California :   |b Crisp Publication ,   |c 1992 
300 |a 77p. ;   |c 25cm. 
650 0 0 |a Leadership 
999 |a 032673   |b BUKU   |c PINJAMAN   |e PERPUSTAKAAN KOMUNITI PETALING JAYA